Tú, por pura casualidad / (Registro nro. 787)
[ vista simple ]
| 000 -LEADER | |
|---|---|
| fixed length control field | 01872nam a22002537a 4500 |
| 003 - CONTROL NUMBER IDENTIFIER | |
| control field | AR-RoUNCS |
| 005 - DATE AND TIME OF LATEST TRANSACTION | |
| control field | 20251127083038.0 |
| 008 - FIXED-LENGTH DATA ELEMENTS--GENERAL INFORMATION | |
| fixed length control field | 251127t2024 sp ||||r|||| 00| f spa d |
| 022 ## - INTERNATIONAL STANDARD SERIAL NUMBER | |
| Source | 978-950-732-626-4 |
| 040 ## - CATALOGING SOURCE | |
| Original cataloging agency | AR-RoUNCS |
| Transcribing agency | AR-RoUNCS |
| 080 ## - UNIVERSAL DECIMAL CLASSIFICATION NUMBER | |
| Authority record control number or standard number | 82-31(460) |
| 100 1# - MAIN ENTRY--PERSONAL NAME | |
| Personal name | Not, Alina, |
| Relator term | autor |
| 245 10 - TITLE STATEMENT | |
| Title | Tú, por pura casualidad / |
| Statement of responsibility, etc. | Alina Not. |
| 250 ## - EDITION STATEMENT | |
| Edition statement | 1a ed. |
| 260 ## - PUBLICATION, DISTRIBUTION, ETC. | |
| Place of publication, distribution, etc. | Barcelona : |
| Name of publisher, distributor, etc. | Crossbooks, |
| Date of publication, distribution, etc. | 2024. |
| 300 ## - PHYSICAL DESCRIPTION | |
| Extent | 480 p. ; |
| Dimensions | 24 cm. |
| 490 0# - SERIES STATEMENT | |
| Series statement | Trilogía Azar ; |
| Volume/sequential designation | 1 |
| 520 3# - SUMMARY, ETC. | |
| Summary, etc. | Sinopsis: ¡Volverás a sentir las mariposas con Alina Not! Más de 150.000 lectoras.¿El amor está escrito en nuestro destino?¿Crees que bastan treinta segundos para proyectar lo vivido y desvelar lo que está por venir?Beth vio algo cuando se debatía entre la vida y la muerte y ahora está segura de que logrará su sueño, de que llegará a ser una anciana feliz y satisfecha, y de que hay alguien con un aspecto muy concreto con quien compartirá el resto de sus días. Sin embargo, el comienzo de la universidad trae nuevas oportunidades, desvíos que tomar y la presencia de Chris, que le hace sentir tantas cosas como nunca creyó posible… solo que no es el chico que marca el destino.Chris cree en el amor, pero no en los «para siempre». Hasta que Beth se cruza en su camino y lo que empieza como un desafío para intentar demostrar que el futuro se escribe día a día se convierte en algo más. Está seguro de algo: no tiene la cara adecuada, pero es el chico adecuado.¿Está escrito el destino? ¿O puede el amor jugar bajo sus propias reglas? UNA HISTORIA DE AMOR EN LA QUE EL AZAR Y EL DESTINO JUEGAN UN PAPEL ESENCIAL (Notas del editor) |
| 521 1# - TARGET AUDIENCE NOTE | |
| Target audience note | Edad recomendada a partir de los 16 años. |
| 650 #7 - SUBJECT ADDED ENTRY--TOPICAL TERM | |
| Source of heading or term | embne |
| Topical term or geographic name entry element | Literatura juvenil |
| 650 #7 - SUBJECT ADDED ENTRY--TOPICAL TERM | |
| Source of heading or term | embne |
| Topical term or geographic name entry element | Literatura española |
| 655 #7 - INDEX TERM--GENRE/FORM | |
| Source of term | embne |
| Genre/form data or focus term | Novelas de amor |
| 942 ## - ADDED ENTRY ELEMENTS (KOHA) | |
| Source of classification or shelving scheme | Universal Decimal Classification |
| Koha item type | Libro de préstamo a domicilio |
| Suppress in OPAC | No |
| Withdrawn status | Lost status | Source of classification or shelving scheme | Damaged status | Not for loan | Collection | Home library | Current library | Date acquired | Source of acquisition | Total checkouts | Full call number | Barcode | Date last seen | Date last checked out | Price effective from | Koha item type |
|---|---|---|---|---|---|---|---|---|---|---|---|---|---|---|---|---|
| Universal Decimal Classification | Colección General | Biblioteca Escuela de Ciencias Sociales | Biblioteca Escuela de Ciencias Sociales | 27/11/2025 | Compra 2025 | 3 | 82-31(460) N899 | 001496 | 05/05/2026 | 13/04/2026 | 27/11/2025 | Libro de préstamo a domicilio |